000 00802cam a22002651 4500
001 map47000384
003 DLC
005 20260227111555.0
008 760330s1942 dcu f000 0 eng
010 _amap47000384
035 _a(OCoLC)2078796
040 _aDLC
_cGAT
_dDLC
041 0 _aengfre
042 _apremarc
050 0 0 _aG108.F7
_bU5 1942
082 _a912
110 1 _aUnited States.
_bArmy Map Service.
245 0 0 _aGlossary of French terms commonly appearing on maps & charts.
250 _aProvisional ed.
_bPrepared under the direction of the Chief of Engineers.
260 _aWashington,
_c1942.
300 _a91 p.
_c20 cm.
650 0 _aGeography
_vTerminology.
650 0 _aFrench language
_vDictionaries
_xEnglish.
650 0 _aEnglish language
_vDictionaries
_xFrench.
999 _c37787
_d37787